Nekooperatívna viackriteriálna hra

Enregistré dans:
Détails bibliographiques
Auteur principal: Čičková, Zuzana, 1978-
Autres auteurs: Holzerová, Patrícia, 1995-
Format: Chapitre de livre
Langue:anglais
Sujets:
Tags: Ajouter un tag
Pas de tags, Soyez le premier à ajouter un tag!

MARC

LEADER 00000naa$a2200000$$$4500
001 0272012
005 20240502074305.1
041 0 |a eng 
044 |a SK 
245 1 0 |a Nekooperatívna viackriteriálna hra  |c Zuzana Čičková, Patrícia Holzerová 
500 |a abstrakt 
610 2 0 |a modely 
610 2 0 |a teória hier 
610 2 0 |a kooperácia 
610 2 0 |a kritériá rozhodovania 
100 1 |a Čičková, Zuzana, 1978- 
700 1 |a Holzerová, Patrícia, 1995-